The unlikely secret agent (Record no. 191761)

MARC details
000 -LEADER
fixed length control field 00282nam a2200097Ia 4500
082 ## - DEWEY DECIMAL CLASSIFICATION NUMBER
Classification number 3222.42092|KASR
008 - FIXED-LENGTH DATA ELEMENTS--GENERAL INFORMATION
fixed length control field 210817s9999 xx 000 0 und d
100 ## - MAIN ENTRY--PERSONAL NAME
Personal name Kasrils, Ronald Auckland Park, South Africa, 2010
9 (RLIN) 60969
245 #0 - TITLE STATEMENT
Title The unlikely secret agent
942 ## - ADDED ENTRY ELEMENTS
item type Books
Holdings
Withdrawn status Lost status Damaged status Not for loan Home library Current library Date acquired Cost, normal purchase price Total Checkouts Barcode Date last seen Price effective from item type
        Emthonjeni PL (MMID-PLEMA-EMTH) Emthonjeni PL (MMID-PLEMA-EMTH) 18.08.2021 170.00   3322810088456 18.08.2021 18.08.2021 Books